<?xml version="1.0" encoding="UTF-8"?><?xml-stylesheet type="text/xsl" href="static/style.xsl"?><OAI-PMH xmlns="http://www.openarchives.org/OAI/2.0/" xmlns:xsi="http://www.w3.org/2001/XMLSchema-instance" xsi:schemaLocation="http://www.openarchives.org/OAI/2.0/ http://www.openarchives.org/OAI/2.0/OAI-PMH.xsd"><responseDate>2026-04-18T05:53:29Z</responseDate><request verb="GetRecord" identifier="oai:www.recercat.cat:20.500.12327/5163" metadataPrefix="marc">https://recercat.cat/oai/request</request><GetRecord><record><header><identifier>oai:recercat.cat:20.500.12327/5163</identifier><datestamp>2026-03-21T04:45:19Z</datestamp><setSpec>com_2072_4428</setSpec><setSpec>com_2072_4427</setSpec><setSpec>col_2072_487898</setSpec></header><metadata><record xmlns="http://www.loc.gov/MARC21/slim" xmlns:dcterms="http://purl.org/dc/terms/" xmlns:xsi="http://www.w3.org/2001/XMLSchema-instance" xmlns:doc="http://www.lyncode.com/xoai" xsi:schemaLocation="http://www.loc.gov/MARC21/slim http://www.loc.gov/standards/marcxml/schema/MARC21slim.xsd">
   <leader>00925njm 22002777a 4500</leader>
   <datafield ind2=" " ind1=" " tag="042">
      <subfield code="a">dc</subfield>
   </datafield>
   <datafield ind2=" " ind1=" " tag="720">
      <subfield code="a">López de Egea, Guillem</subfield>
      <subfield code="e">author</subfield>
   </datafield>
   <datafield ind2=" " ind1=" " tag="720">
      <subfield code="a">González-Díaz, Aida</subfield>
      <subfield code="e">author</subfield>
   </datafield>
   <datafield ind2=" " ind1=" " tag="720">
      <subfield code="a">Aragon, Virginia</subfield>
      <subfield code="e">author</subfield>
   </datafield>
   <datafield ind2=" " ind1=" " tag="720">
      <subfield code="a">Cabezón, Oscar</subfield>
      <subfield code="e">author</subfield>
   </datafield>
   <datafield ind2=" " ind1=" " tag="720">
      <subfield code="a">Guédon, Gérard</subfield>
      <subfield code="e">author</subfield>
   </datafield>
   <datafield ind2=" " ind1=" " tag="720">
      <subfield code="a">Berbel, Dàmaris</subfield>
      <subfield code="e">author</subfield>
   </datafield>
   <datafield ind2=" " ind1=" " tag="720">
      <subfield code="a">Cadenas-Jiménez, Irene</subfield>
      <subfield code="e">author</subfield>
   </datafield>
   <datafield ind2=" " ind1=" " tag="720">
      <subfield code="a">Espunyes, Johan</subfield>
      <subfield code="e">author</subfield>
   </datafield>
   <datafield ind2=" " ind1=" " tag="720">
      <subfield code="a">Planellas, Marta</subfield>
      <subfield code="e">author</subfield>
   </datafield>
   <datafield ind2=" " ind1=" " tag="720">
      <subfield code="a">Domínguez, M. Ángeles</subfield>
      <subfield code="e">author</subfield>
   </datafield>
   <datafield ind2=" " ind1=" " tag="720">
      <subfield code="a">Leblond-Bourget, Nathalie</subfield>
      <subfield code="e">author</subfield>
   </datafield>
   <datafield ind2=" " ind1=" " tag="720">
      <subfield code="a">Ardanuy, Carmen</subfield>
      <subfield code="e">author</subfield>
   </datafield>
   <datafield ind2=" " ind1=" " tag="260">
      <subfield code="c">2026-03-16</subfield>
   </datafield>
   <datafield ind2=" " ind1=" " tag="520">
      <subfield code="a">The increasing macrolide resistance in Streptococcus spp. causing human and animal infections in the last decades is a concern for global health. The objectives of this study were to analyze the macrolide resistance rates of Streptococcus spp. from animals and their resistance determinants. We conducted a retrospective study of an animal Streptococcus collection (307 isolates) from farm, wild animals, and pets in Catalonia, Northeast Spain. Identification was done by MALDI-TOF, and antimicrobial susceptibility to erythromycin and clindamycin was assessed by disk diffusion (EUCAST). Resistant strains were further tested for susceptibility to other antimicrobial agents using disk diffusion and microdilution methods. Selected isolates (n = 50) were subjected to whole-genome sequencing (WGS). Mobile genetic elements (MGEs), such as integrative and conjugative elements (ICEs) and integrative and mobilizable elements (IMEs), were identified using ICEscreen. Streptococcal strains were mainly isolated from domestic swine (50.5%) and wild boars (19.2%), with S. suis (54.4%) and S. hyovaginalis (14%) the predominant species. The macrolide resistance phenotypes found were MLSB (n = 145), M (n = 6), and L (n = 30). Macrolide (84.5%) and lincosamide (94.8%) resistance rates from swine strains were higher than those from other animals (13.2% and 18.4%, respectively, P &lt; 0.001). The predominant resistant genes found were erm(B) (n = 38), tet(O) (n = 28), vga(F) (n = 20), and lnu(B)-lsa(E) (n = 10), and were mostly associated with ICEs or defective ICEs (dICEs) belonging to the Tn5252 family. Animal streptococci presented high macrolide resistance rates, especially concerning swine strains, associated with a variety of resistance determinants. MGEs were the main carriers of resistance determinants and contributors to its spread.</subfield>
   </datafield>
   <datafield ind1="8" ind2=" " tag="024">
      <subfield code="a">2165-0497</subfield>
   </datafield>
   <datafield ind1="8" ind2=" " tag="024">
      <subfield code="a">https://hdl.handle.net/20.500.12327/5163</subfield>
   </datafield>
   <datafield ind1="8" ind2=" " tag="024">
      <subfield code="a">https://doi.org/10.1128/spectrum.02567-25</subfield>
   </datafield>
   <datafield ind2="0" ind1="0" tag="245">
      <subfield code="a">Macrolide resistance determinants and their associations in streptococci from selected livestock and wildlife species from Catalonia, Northeast Spain</subfield>
   </datafield>
</record></metadata></record></GetRecord></OAI-PMH>